| Tag |
First Indicator |
Second Indicator |
Subfields |
| LEADER |
00000cam a2200000 a 4500 |
| 001 |
in00002070607 |
| 005 |
20220106094001.0 |
| 008 |
050822s2005 dcu f000 0 eng c |
| 035 |
|
|
|a (OCoLC)ocm61285234
|
| 040 |
|
|
|a GPO
|c GPO
|d GPO
|d MvI
|d UtOrBLW
|
| 042 |
|
|
|a pcc
|
| 049 |
|
|
|a UDOC
|
| 049 |
|
|
|a WWW
|
| 074 |
|
|
|a 1008-C
|
| 074 |
|
|
|a 1008-C (online)
|
| 074 |
|
|
|a 1008-D (MF)
|
| 074 |
|
|
|a 1008-D (online)
|
| 086 |
0 |
|
|a Y 1.1/6:109-2
|
| 110 |
1 |
|
|a United States.
|b Congress.
|b Senate.
|b Committee on Foreign Relations.
|
| 245 |
1 |
0 |
|a Protocol of amendment to the International Convention on Simplification and Harmonization of Customs Procedures (Treaty Doc. 108-6) :
|b report (to accompany Treaty Doc. 108-6 ).
|
| 264 |
|
1 |
|a [Washington, D.C.] :
|b [U.S. G.P.O.],
|c [2005]
|
| 300 |
|
|
|a 4 pages ;
|c 24 cm.
|
| 336 |
|
|
|a text
|b txt
|2 rdacontent
|
| 337 |
|
|
|a unmediated
|b n
|2 rdamedia
|
| 338 |
|
|
|a volume
|b nc
|2 rdacarrier
|
| 490 |
1 |
|
|a Exec. rept. / 109th Congress, 1st session, Senate ;
|v 109-2
|
| 500 |
|
|
|a Caption title.
|
| 500 |
|
|
|a Distributed to some depository libraries in microfiche.
|
| 500 |
|
|
|a Shipping list number: 2005-0210-P.
|
| 500 |
|
|
|a "July 28, 2005."
|
| 500 |
|
|
|a Shipping List Date: 08/17/2005
|
| 530 |
|
|
|a Also available via Internet from the GPO Access web site. Addresses as of 8/18/05: http://frwebgate.access.gpo.gov/cgi-bin/getdoc.cgi?dbname=109%5Fcong%5Freports&docid=f:er002.109 (text version), http://frwebgate.access.gpo.gov/cgi-bin/getdoc.cgi?dbname=109%5Fcong%5Freports&docid=f:er002.109.pdf (PDF version); current access is available via PURLs.
|
| 650 |
|
0 |
|a Customs administration
|x Law and legislation.
|
| 650 |
|
0 |
|a International trade.
|
| 650 |
|
0 |
|a Foreign trade promotion
|x Law and legislation.
|
| 810 |
1 |
|
|a United States.
|b Congress.
|b Senate.
|t Executive report ;
|v 109-2.
|
| 856 |
4 |
1 |
|3 Text version:
|u https://purl.fdlp.gov/GPO/LPS62854
|t 0
|
| 856 |
4 |
1 |
|3 PDF version:
|u https://purl.fdlp.gov/GPO/LPS62855
|t 0
|
| 999 |
|
|
|a MARS
|
| 999 |
f |
f |
|s 4f406fe3-f3a9-34aa-9a88-5488f5b11456
|i 2a5a6f85-3a82-35b3-b5c8-f0bb6b1d1372
|t 0
|
| 952 |
f |
f |
|a Texas A&M University
|b College Station
|c Electronic Resources
|d Available Online
|t 0
|e Y 1.1/6:109-2
|h Superintendent of Documents classification
|
| 998 |
f |
f |
|a Y 1.1/6:109-2
|t 0
|l Available Online
|